00229nam a2200085Ia 4500008004100000100001800041245004900059260002200108650001300130190216s9999||||xx |||||||||||||| ||und|| aHingorani N L 0aManagement Accounting Problems And Solutions bSulthan Chand &co aCommerce